[Event "PervenstvoRT2015"]
[Site "?"]
[Date "2015.08.27"]
[Round "8.3"]
[White "Damir, Gaifutdinov"]
[Black "Radel, Setyukov"]
[Result "1-0"]
[LiveChessVersion "1.4.6"]
[BlackElo "1662"]
[WhiteElo "1885"]

1. e4 {[%clk 1:30:59]} e6 {[%clk 1:30:59]} 2. d4 {[%clk 1:31:21]} d5
{[%clk 1:31:26]} 3. Nd2 {[%clk 1:31:43]} dxe4 {[%clk 1:30:16]} 4. Nxe4
{[%clk 1:32:06]} Nd7 {[%clk 1:30:15]} 5. Nf3 {[%clk 1:31:41]} Ngf6
{[%clk 1:30:33]} 6. Bg5 {[%clk 1:31:40]} Be7 {[%clk 1:30:25]} 7. Bxf6
{[%clk 1:31:59]} Nxf6 {[%clk 1:30:29]} 8. Bd3 {[%clk 1:32:14]} O-O
{[%clk 1:30:00]} 9. c3 {[%clk 1:32:38]} Nxe4 {[%clk 1:29:17]} 10. Bxe4
{[%clk 1:33:02]} c5 {[%clk 1:28:22]} 11. dxc5 {[%clk 1:21:22]} Qxd1+
{[%clk 1:20:56]} 12. Rxd1 {[%clk 1:21:47]} Bxc5 {[%clk 1:21:11]} 13. Ne5
{[%clk 1:19:03]} Rb8 {[%clk 1:08:57]} 14. a4 {[%clk 1:16:36]} f6 {[%clk 1:05:29]}
15. Nd7 {[%clk 1:12:34]} Bxd7 {[%clk 1:05:53]} 16. Rxd7 {[%clk 1:13:00]} Rf7
{[%clk 1:02:42]} 17. Bxh7+ {[%clk 1:13:12]} Kf8 {[%clk 1:01:35]} 18. Rd3
{[%clk 1:13:11]} g5 {[%clk 0:54:59]} 19. Be4 {[%clk 1:10:48]} f5 {[%clk 0:54:05]}
20. Bf3 {[%clk 1:11:06]} g4 {[%clk 0:54:03]} 21. Bd1 {[%clk 1:11:28]} Re8
{[%clk 0:50:43]} 22. h3 {[%clk 1:11:24]} Rh7 {[%clk 0:49:26]} 23. h4
{[%clk 1:08:34]} a5 {[%clk 0:44:14]} 24. Bb3 {[%clk 1:06:49]} Ke7
{[%clk 0:41:05]} 25. g3 {[%clk 1:01:45]} Kf6 {[%clk 0:39:12]} 26. Ke2
{[%clk 0:53:51]} e5 {[%clk 0:36:25]} 27. Rd5 {[%clk 0:53:55]} b6 {[%clk 0:36:45]}
28. Bc2 {[%clk 0:54:09]} e4 {[%clk 0:32:19]} 29. Rb1 {[%clk 0:48:30]} Rc7
{[%clk 0:31:04]} 30. Kf1 {[%clk 0:48:56]} Re5 {[%clk 0:28:49]} 31. Rbd1
{[%clk 0:43:44]} Rce7 {[%clk 0:25:59]} 32. Bb1 {[%clk 0:29:01]} Re8
{[%clk 0:19:45]} 33. Kg2 {[%clk 0:22:22]} R8e7 {[%clk 0:19:31]} 34. Kf1
{[%clk 0:17:42]} Re8 {[%clk 0:19:42]} 35. Ke2 {[%clk 0:13:31]} R8e7
{[%clk 0:18:56]} 36. Kf1 {[%clk 0:11:02]} Re8 {[%clk 0:19:18]} 37. Kg2
{[%clk 0:11:29]} R8e7 {[%clk 0:17:49]} 38. R5d2 {[%clk 0:09:00]} Re8
{[%clk 0:10:55]} 39. Re2 {[%clk 0:09:25]} R8e7 {[%clk 0:11:05]} 40. Rde1
{[%clk 0:08:46]} Rd7 {[%clk 0:07:23]} 41. Ba2 {[%clk 0:09:08]} Rd8
{[%clk 0:06:33]} 42. Rb1 {[%clk 0:08:46]} Rc8 {[%clk 0:02:57]} 43. Rh1
{[%clk 0:07:38]} Re7 {[%clk 0:03:05]} 44. Rd1 {[%clk 0:07:33]} Rce8
{[%clk 0:02:49]} 45. Bc4 {[%clk 0:07:52]} Re5 {[%clk 0:02:55]} 46. Bb5
{[%clk 0:08:11]} R8e7 {[%clk 0:03:06]} 47. Rd8 {[%clk 0:08:04]} Kg7
{[%clk 0:02:13]} 48. Rd1 {[%clk 0:07:27]} Kf6 {[%clk 0:02:29]} 49. Rb1
{[%clk 0:07:54]} Rc7 {[%clk 0:02:43]} 50. b4 {[%clk 0:07:28]} axb4
{[%clk 0:02:52]} 51. cxb4 {[%clk 0:07:55]} Bf8 {[%clk 0:02:10]} 52. Rb3
{[%clk 0:06:53]} Rc1 {[%clk 0:01:33]} 53. Rd2 {[%clk 0:06:21]} Rc8
{[%clk 0:01:32]} 54. Ba6 {[%clk 0:05:56]} Ra8 {[%clk 0:01:43]} 55. b5
{[%clk 0:06:13]} Bc5 {[%clk 0:01:45]} 56. Rd7 {[%clk 0:05:50]} Re7
{[%clk 0:01:55]} 57. Rxe7 {[%clk 0:06:00]} Kxe7 {[%clk 0:02:12]} 58. Rb2
{[%clk 0:06:12]} Rd8 {[%clk 0:02:35]} 59. Rc2 {[%clk 0:06:15]} Rd4
{[%clk 0:02:21]} 60. Bc8 {[%clk 0:05:50]} Kf6 {[%clk 0:02:31]} 61. a5
{[%clk 0:06:17]} Ke5 {[%clk 0:01:32]} 62. a6 {[%clk 0:06:31]} Ra4
{[%clk 0:01:41]} 63. Rxc5+ {[%clk 0:05:17]} bxc5 {[%clk 0:02:04]} 64. b6
{[%clk 0:05:42]} Kd6 {[%clk 0:02:15]} 65. a7 {[%clk 0:05:55]} Kc6
{[%clk 0:02:10]} 66. b7 {[%clk 0:06:15]} Rxa7 {[%clk 0:02:34]} 67. b8=Q
{[%clk 0:06:39]} Rc7 {[%clk 0:02:56]} 68. Bxf5 {[%clk 0:06:57]} c4
{[%clk 0:03:15]} 69. Bxe4+ {[%clk 0:07:20]} Kd6 {[%clk 0:03:31]} 70. Qb6+
{[%clk 0:07:20]} Kd7 {[%clk 0:03:51]} 71. Bf5+ {[%clk 0:07:44]} 1-0

[Event "PervenstvoRT2015"]
[Site "?"]
[Date "2015.08.27"]
[Round "8.4"]
[White "Mikhail, Galiullin"]
[Black "Albert, Suleimanov"]
[Result "0-1"]
[LiveChessVersion "1.4.6"]
[BlackElo "1930"]
[WhiteElo "2110"]

1. Nf3 {[%clk 1:30:56]} Nf6 {[%clk 1:30:32]} 2. g3 {[%clk 1:31:15]} c5
{[%clk 1:29:24]} 3. Bg2 {[%clk 1:31:38]} g6 {[%clk 1:29:48]} 4. O-O
{[%clk 1:32:00]} Bg7 {[%clk 1:30:15]} 5. d3 {[%clk 1:32:25]} Nc6 {[%clk 1:30:10]}
6. c3 {[%clk 1:30:05]} O-O {[%clk 1:30:18]} 7. Qa4 {[%clk 1:29:29]} d5
{[%clk 1:29:23]} 8. Na3 {[%clk 1:22:11]} a6 {[%clk 1:28:19]} 9. Be3
{[%clk 1:10:45]} Nd7 {[%clk 1:28:43]} 10. Qh4 {[%clk 1:10:41]} e5
{[%clk 1:21:29]} 11. Bg5 {[%clk 1:10:08]} f6 {[%clk 1:21:30]} 12. Bh6
{[%clk 1:09:41]} Ne7 {[%clk 1:13:05]} 13. g4 {[%clk 1:00:07]} g5 {[%clk 1:06:33]}
14. Qh5 {[%clk 0:50:52]} Ng6 {[%clk 1:02:12]} 15. e3 {[%clk 0:45:53]} e4
{[%clk 1:00:23]} 16. dxe4 {[%clk 0:38:37]} dxe4 {[%clk 1:00:46]} 17. Ne1
{[%clk 0:38:55]} Nde5 {[%clk 0:57:12]} 18. h3 {[%clk 0:39:17]} Bxh6
{[%clk 0:47:48]} 19. Qxh6 {[%clk 0:39:36]} f5 20. f4 {[%clk 0:35:53]} exf3
{[%clk 0:35:56]} 21. Nxf3 {[%clk 0:35:11]} Nxf3+ {[%clk 0:26:46]} 22. Bxf3
{[%clk 0:34:47]} Qe7 {[%clk 0:26:57]} 23. Bd5+ {[%clk 0:28:08]} Kh8
{[%clk 0:26:14]} 24. Nc4 {[%clk 0:26:23]} Be6 {[%clk 0:22:38]} 25. Bxe6
{[%clk 0:19:33]} Qxe6 {[%clk 0:23:02]} 26. gxf5 {[%clk 0:19:48]} Rxf5
{[%clk 0:23:28]} 27. Rxf5 {[%clk 0:20:14]} Qxf5 {[%clk 0:23:46]} 28. Nd2
{[%clk 0:05:12]} Rd8 {[%clk 0:17:02]} 29. Rf1 {[%clk 0:04:41]} Qe6
{[%clk 0:17:13]} 30. Rf2 {[%clk 0:00:33]} Qxe3 {[%clk 0:11:54]} 31. Nf1
{[%clk 0:00:59]} Qe7 {[%clk 0:12:11]} 32. Rg2 {[%clk 0:00:58]} Nf4
{[%clk 0:11:46]} 33. Rf2 {[%clk 0:00:33]} Rd6 {[%clk 0:11:43]} 0-1

[Event "PervenstvoRT2015"]
[Site "?"]
[Date "2015.08.27"]
[Round "8.5"]
[White "Bulat, Nizamov"]
[Black "Ilya, Krasov"]
[Result "1/2-1/2"]
[LiveChessVersion "1.4.6"]
[BlackElo "1798"]
[WhiteElo "2117"]

1. d4 {[%clk 1:25:27]} d5 {[%clk 1:30:51]} 2. c4 {[%clk 1:25:51]} c6
{[%clk 1:31:18]} 3. cxd5 {[%clk 1:25:58]} cxd5 {[%clk 1:31:37]} 4. Bf4
{[%clk 1:26:23]} Nc6 {[%clk 1:31:41]} 5. e3 {[%clk 1:26:46]} Nf6 {[%clk 1:32:03]}
6. Nc3 {[%clk 1:25:35]} e6 {[%clk 1:26:30]} 7. a3 {[%clk 1:24:37]} Bd6
{[%clk 1:25:57]} 8. Bxd6 {[%clk 1:24:53]} Qxd6 {[%clk 1:26:23]} 9. Nf3
{[%clk 1:25:11]} O-O {[%clk 1:26:44]} 10. Be2 {[%clk 1:24:59]} Bd7
{[%clk 1:19:51]} 11. O-O {[%clk 1:25:07]} Rfc8 {[%clk 1:19:41]} 12. Rc1
{[%clk 1:23:41]} Na5 {[%clk 1:14:51]} 13. Nd2 {[%clk 1:16:36]} Rc7
{[%clk 1:04:04]} 14. Nb5 {[%clk 0:52:49]} Bxb5 {[%clk 1:02:11]} 15. Bxb5
{[%clk 0:53:03]} Rac8 {[%clk 1:01:37]} 16. Rxc7 {[%clk 0:53:25]} Qxc7
{[%clk 1:01:59]} 17. Bd3 {[%clk 0:52:20]} Nc4 {[%clk 0:59:16]} 18. Nxc4
{[%clk 0:51:37]} dxc4 {[%clk 0:59:41]} 19. Bc2 {[%clk 0:51:57]} c3
{[%clk 0:47:28]} 20. b3 {[%clk 0:51:10]} Qd6 {[%clk 0:44:26]} 21. b4
{[%clk 0:47:37]} a5 {[%clk 0:43:26]} 22. e4 {[%clk 0:46:05]} Qb6 {[%clk 0:43:09]}
23. Qd3 {[%clk 0:41:39]} axb4 {[%clk 0:35:06]} 24. axb4 {[%clk 0:38:09]} g6
{[%clk 0:35:10]} 25. b5 {[%clk 0:34:48]} Ne8 {[%clk 0:33:30]} 26. g3
{[%clk 0:31:22]} Rd8 {[%clk 0:29:03]} 27. Rd1 {[%clk 0:29:54]} Nc7
{[%clk 0:29:10]} 28. Qxc3 {[%clk 0:28:44]} Nxb5 {[%clk 0:28:40]} 29. Qb4
{[%clk 0:28:09]} Qc7 {[%clk 0:26:36]} 30. Qxb5 {[%clk 0:27:09]} Qxc2
{[%clk 0:26:45]} 31. Qd3 {[%clk 0:27:16]} Rc8 {[%clk 0:19:43]} 32. Qxc2
{[%clk 0:26:02]} Rxc2 {[%clk 0:20:09]} 33. d5 {[%clk 0:20:45]} exd5
{[%clk 0:20:16]} 34. Rxd5 {[%clk 0:21:08]} Rb2 {[%clk 0:16:56]} 35. Kg2
{[%clk 0:20:50]} h5 {[%clk 0:16:53]} 36. h4 {[%clk 0:20:38]} Kg7 {[%clk 0:16:50]}
37. Kf3 {[%clk 0:19:22]} Kf6 {[%clk 0:16:46]} 38. Ke3 {[%clk 0:18:14]} Ke6
{[%clk 0:16:58]} 39. f3 {[%clk 0:18:38]} b5 {[%clk 0:16:35]} 40. Kf4
{[%clk 0:18:38]} b4 {[%clk 0:15:03]} 41. Rb5 {[%clk 0:18:45]} Rb1
{[%clk 0:13:07]} 42. Rb6+ {[%clk 0:19:02]} Ke7 {[%clk 0:12:23]} 43. Ke5
{[%clk 0:19:16]} Rb3 {[%clk 0:12:17]} 44. Rb7+ {[%clk 0:19:19]} Ke8
{[%clk 0:12:35]} 45. f4 {[%clk 0:16:33]} Rxg3 {[%clk 0:11:51]} 46. Rxb4
{[%clk 0:16:54]} Rg4 {[%clk 0:11:58]} 47. Rb8+ {[%clk 0:16:24]} Ke7
{[%clk 0:12:10]} 48. Rb7+ {[%clk 0:16:51]} Kf8 {[%clk 0:11:13]} 49. f5
{[%clk 0:16:09]} gxf5 {[%clk 0:10:39]} 50. exf5 {[%clk 0:16:17]} Kg7
{[%clk 0:10:27]} 51. f6+ {[%clk 0:16:05]} Kg6 {[%clk 0:08:58]} 52. Rb8
{[%clk 0:16:29]} Ra4 {[%clk 0:08:18]} 53. Rg8+ {[%clk 0:15:58]} Kh6
{[%clk 0:08:35]} 54. Ke4 1/2-1/2

[Event "PervenstvoRT2015"]
[Site "?"]
[Date "2015.08.27"]
[Round "8.6"]
[White "Roman, Pirmamedov"]
[Black "Ainur, Garafutdinov"]
[Result "1/2-1/2"]
[LiveChessVersion "1.4.6"]
[BlackElo "1946"]
[WhiteElo "1848"]

1. e4 {[%clk 1:27:10]} e5 {[%clk 1:30:58]} 2. Nf3 {[%clk 1:27:36]} Nc6
{[%clk 1:31:25]} 3. d4 {[%clk 1:27:48]} exd4 {[%clk 1:31:52]} 4. Nxd4
{[%clk 1:28:15]} Bb4+ {[%clk 1:29:59]} 5. c3 {[%clk 1:27:36]} Bc5
{[%clk 1:30:26]} 6. Bc4 {[%clk 1:27:09]} d6 {[%clk 1:23:21]} 7. O-O
{[%clk 1:26:56]} Nf6 {[%clk 1:22:18]} 8. Re1 {[%clk 1:21:25]} O-O
{[%clk 1:22:09]} 9. Bg5 {[%clk 1:21:00]} Ne5 {[%clk 1:22:12]} 10. Bb3
{[%clk 1:20:27]} h6 {[%clk 1:22:06]} 11. Bh4 {[%clk 1:20:45]} Ng6
{[%clk 1:21:54]} 12. Bg3 {[%clk 1:21:10]} a6 {[%clk 0:57:21]} 13. a4
{[%clk 1:10:22]} Ba7 {[%clk 0:32:04]} 14. Bc2 {[%clk 1:05:55]} Bg4
{[%clk 0:31:52]} 15. f3 {[%clk 1:05:22]} Bd7 {[%clk 0:32:15]} 16. Nd2
{[%clk 1:02:59]} Nh5 {[%clk 0:30:09]} 17. Nf1 {[%clk 1:02:36]} Nxg3
{[%clk 0:29:59]} 18. Nxg3 {[%clk 1:02:31]} Qg5 {[%clk 0:29:38]} 19. Qc1
{[%clk 0:57:01]} Qf6 {[%clk 0:24:32]} 20. Qd2 {[%clk 0:56:37]} Ne5
{[%clk 0:22:21]} 21. Kh1 {[%clk 0:54:49]} Ng6 {[%clk 0:11:17]} 22. Ndf5
{[%clk 0:52:06]} Bxf5 {[%clk 0:11:47]} 23. Nxf5 {[%clk 0:51:57]} Rad8
{[%clk 0:12:16]} 24. Rad1 {[%clk 0:50:21]} Rfe8 {[%clk 0:09:57]} 25. f4
{[%clk 0:34:52]} Rb8 {[%clk 0:09:51]} 26. g3 {[%clk 0:31:40]} Nf8
{[%clk 0:09:03]} 27. Qd3 {[%clk 0:29:38]} Qe6 {[%clk 0:08:43]} 28. Kg2
{[%clk 0:26:15]} Kh8 {[%clk 0:08:58]} 29. b4 {[%clk 0:18:23]} Qg6
{[%clk 0:08:17]} 30. Qf3 {[%clk 0:17:26]} Qe6 {[%clk 0:08:23]} 31. Qd3
{[%clk 0:16:45]} Qf6 {[%clk 0:07:21]} 1/2-1/2

[Event "PervenstvoRT2015"]
[Site "?"]
[Date "2015.08.27"]
[Round "8.7"]
[White "Emin, Aliev"]
[Black "Darya, Kuznetsova"]
[Result "0-1"]
[LiveChessVersion "1.4.6"]
[BlackElo "1918"]
[WhiteElo "1669"]

1. e4 {[%clk 1:30:35]} c5 {[%clk 1:30:49]} 2. Nf3 {[%clk 1:31:00]} e6
{[%clk 1:31:13]} 3. d4 {[%clk 1:31:25]} cxd4 {[%clk 1:31:37]} 4. Nxd4
{[%clk 1:31:52]} a6 {[%clk 1:31:59]} 5. Bd3 {[%clk 1:32:17]} Nc6 {[%clk 1:31:44]}
6. Nxc6 {[%clk 1:32:43]} dxc6 {[%clk 1:30:14]} 7. e5 {[%clk 1:30:26]} Qa5+
{[%clk 1:29:36]} 8. Nc3 {[%clk 1:27:01]} Qxe5+ {[%clk 1:28:09]} 9. Qe2
{[%clk 1:27:05]} Qxe2+ {[%clk 1:27:37]} 10. Nxe2 {[%clk 1:27:18]} Nf6
{[%clk 1:26:40]} 11. O-O {[%clk 1:27:03]} Be7 {[%clk 1:26:00]} 12. c4
{[%clk 1:26:34]} c5 {[%clk 1:20:33]} 13. b3 {[%clk 1:26:19]} O-O {[%clk 1:19:55]}
14. Bb2 {[%clk 1:20:43]} Bd7 {[%clk 1:17:43]} 15. Rad1 {[%clk 1:18:14]} Bc6
{[%clk 1:17:49]} 16. Ng3 {[%clk 1:18:38]} Rad8 {[%clk 1:14:42]} 17. Bb1
{[%clk 1:15:38]} h6 {[%clk 1:08:24]} 18. f3 {[%clk 1:06:15]} Rxd1
{[%clk 0:54:57]} 19. Rxd1 {[%clk 1:06:37]} Rd8 {[%clk 0:54:18]} 20. Rxd8+
{[%clk 1:06:27]} Bxd8 {[%clk 0:54:47]} 21. Kf2 {[%clk 1:06:19]} Nd7
{[%clk 0:48:34]} 22. Be4 {[%clk 0:53:26]} Bxe4 {[%clk 0:48:11]} 23. Nxe4
{[%clk 0:53:31]} Be7 {[%clk 0:47:47]} 24. Ke2 {[%clk 0:47:07]} f5
{[%clk 0:46:31]} 25. Nf2 {[%clk 0:44:20]} Kf7 {[%clk 0:43:58]} 26. f4
{[%clk 0:31:21]} Bf6 {[%clk 0:39:11]} 27. Ba3 {[%clk 0:26:15]} e5
{[%clk 0:33:39]} 28. Nd3 {[%clk 0:25:10]} b6 {[%clk 0:32:41]} 29. fxe5
{[%clk 0:23:22]} Bxe5 {[%clk 0:30:49]} 30. h3 {[%clk 0:20:10]} Bd6
{[%clk 0:25:38]} 31. Bb2 {[%clk 0:19:14]} g6 {[%clk 0:25:06]} 32. a3
{[%clk 0:19:20]} Ke6 {[%clk 0:21:33]} 33. Bc3 {[%clk 0:17:54]} Nf6
{[%clk 0:20:27]} 34. b4 {[%clk 0:13:52]} Ne4 {[%clk 0:20:47]} 35. Bg7
{[%clk 0:13:11]} h5 {[%clk 0:20:53]} 36. Ke3 {[%clk 0:12:08]} g5 {[%clk 0:18:56]}
37. bxc5 {[%clk 0:08:28]} Nxc5 {[%clk 0:18:39]} 38. Nb4 {[%clk 0:08:09]} f4+
{[%clk 0:17:58]} 39. Kf3 {[%clk 0:07:23]} Kf5 {[%clk 0:17:42]} 40. Bd4
{[%clk 0:05:43]} g4+ {[%clk 0:17:47]} 41. hxg4+ {[%clk 0:05:55]} hxg4+
{[%clk 0:18:13]} 42. Ke2 {[%clk 0:05:54]} Ke4 {[%clk 0:18:09]} 43. Bg1
{[%clk 0:04:46]} f3+ {[%clk 0:17:51]} 44. gxf3+ {[%clk 0:05:13]} gxf3+
{[%clk 0:18:16]} 45. Kd2 {[%clk 0:04:06]} Bf4+ {[%clk 0:18:06]} 46. Ke1
{[%clk 0:03:27]} Bd6 {[%clk 0:12:17]} 47. Kf1 {[%clk 0:01:28]} Nd7
{[%clk 0:10:22]} 48. Nc2 {[%clk 0:01:08]} Bc5 {[%clk 0:09:46]} 49. Bf2
{[%clk 0:00:54]} Bxf2 {[%clk 0:08:15]} 50. Kxf2 {[%clk 0:01:23]} Ne5
{[%clk 0:08:29]} 51. Nb4 {[%clk 0:01:05]} a5 {[%clk 0:07:36]} 52. c5
{[%clk 0:00:32]} axb4 {[%clk 0:07:08]} 53. cxb6 {[%clk 0:00:54]} bxa3
{[%clk 0:07:20]} 0-1

[Event "PervenstvoRT2015"]
[Site "?"]
[Date "2015.08.27"]
[Round "8.8"]
[White "Anastasia, Kozina"]
[Black "Kirill, Akifiev"]
[Result "1-0"]
[LiveChessVersion "1.4.6"]
[BlackElo "1823"]
[WhiteElo "2105"]

1. e4 {[%clk 1:30:02]} c5 {[%clk 1:30:39]} 2. Nf3 {[%clk 1:30:26]} e6
{[%clk 1:30:59]} 3. d4 {[%clk 1:30:51]} cxd4 {[%clk 1:31:14]} 4. Nxd4
{[%clk 1:31:15]} a6 {[%clk 1:31:31]} 5. Bd3 {[%clk 1:31:40]} Nf6 {[%clk 1:30:44]}
6. Qe2 {[%clk 1:31:58]} d6 {[%clk 1:29:41]} 7. O-O {[%clk 1:32:08]} Be7
{[%clk 1:29:59]} 8. c4 {[%clk 1:32:13]} Nbd7 {[%clk 1:28:59]} 9. Nc3
{[%clk 1:31:21]} O-O {[%clk 1:26:44]} 10. Kh1 {[%clk 1:30:27]} Qc7
{[%clk 1:18:22]} 11. f4 {[%clk 1:19:31]} b6 {[%clk 1:13:59]} 12. e5
{[%clk 1:05:58]} dxe5 {[%clk 1:02:19]} 13. fxe5 {[%clk 1:06:23]} Qxe5
{[%clk 1:01:58]} 14. Nc6 {[%clk 1:06:09]} Qd6 {[%clk 0:56:46]} 15. Qf3
{[%clk 1:05:43]} Nb8 {[%clk 0:46:52]} 16. Nxe7+ {[%clk 1:03:02]} Qxe7
{[%clk 0:47:16]} 17. Bg5 {[%clk 1:03:21]} Ra7 {[%clk 0:40:07]} 18. Qh3
{[%clk 1:00:44]} 1-0

[Event "PervenstvoRT2015"]
[Site "?"]
[Date "2015.08.27"]
[Round "8.9"]
[White "Georgy, Nikitin"]
[Black "Imanuil, Peisakhov"]
[Result "0-1"]
[LiveChessVersion "1.4.6"]
[BlackElo "1897"]
[WhiteElo "1724"]

1. d4 {[%clk 1:30:59]} Nf6 {[%clk 1:30:56]} 2. c4 {[%clk 1:31:22]} e6
{[%clk 1:31:08]} 3. Nc3 d5 {[%clk 1:31:25]} 4. Bg5 {[%clk 1:32:10]} Be7
{[%clk 1:31:50]} 5. Nf3 {[%clk 1:32:37]} h6 {[%clk 1:32:14]} 6. Bh4
{[%clk 1:32:32]} O-O {[%clk 1:32:33]} 7. e3 {[%clk 1:32:54]} Ne4 {[%clk 1:32:57]}
8. Bxe7 {[%clk 1:32:18]} Qxe7 {[%clk 1:32:54]} 9. Bd3 {[%clk 1:29:33]} Nxc3
{[%clk 1:33:09]} 10. bxc3 {[%clk 1:29:58]} Nd7 11. O-O {[%clk 1:30:04]} b6
{[%clk 1:32:41]} 12. cxd5 {[%clk 1:25:59]} exd5 {[%clk 1:33:10]} 13. a4
{[%clk 1:21:27]} Bb7 {[%clk 1:32:19]} 14. a5 {[%clk 1:21:10]} Qd6 15. Nh4
{[%clk 1:14:58]} Nf6 {[%clk 1:27:44]} 16. Nf5 {[%clk 1:14:27]} Qe6
{[%clk 1:27:57]} 17. Qa4 {[%clk 1:11:00]} Ne4 {[%clk 1:26:28]} 18. a6
{[%clk 1:09:28]} Bc8 {[%clk 1:21:12]} 19. Bxe4 {[%clk 1:07:32]} dxe4 20. Qc6
{[%clk 1:03:21]} Bd7 {[%clk 0:51:27]} 21. Qxe6 {[%clk 1:03:07]} Bxe6
{[%clk 0:51:56]} 22. Ne7+ {[%clk 1:03:12]} Kh7 {[%clk 0:51:59]} 23. Nc6
{[%clk 0:46:54]} Bd5 {[%clk 0:50:45]} 24. Nb4 {[%clk 0:46:51]} Rfd8
{[%clk 0:49:30]} 25. Nxd5 {[%clk 0:46:12]} Rxd5 {[%clk 0:49:58]} 26. c4
{[%clk 0:46:32]} Rd7 {[%clk 0:49:16]} 27. h3 {[%clk 0:44:12]} c6 {[%clk 0:48:39]}
28. g4 {[%clk 0:41:03]} Rd6 {[%clk 0:45:19]} 29. Kh2 {[%clk 0:40:42]} g5
{[%clk 0:43:09]} 30. f3 {[%clk 0:38:59]} exf3 {[%clk 0:42:25]} 31. Rxf3
{[%clk 0:39:11]} Kg7 {[%clk 0:42:32]} 32. Raf1 {[%clk 0:39:13]} f6
{[%clk 0:42:33]} 33. e4 {[%clk 0:34:26]} Rf8 {[%clk 0:38:49]} 34. d5
{[%clk 0:32:21]} Re8 {[%clk 0:38:12]} 35. dxc6 {[%clk 0:28:29]} Rxc6
{[%clk 0:37:10]} 36. Rd1 {[%clk 0:28:35]} Re7 {[%clk 0:35:25]} 37. Rd4
{[%clk 0:28:57]} Rec7 {[%clk 0:35:46]} 38. Rc3 {[%clk 0:28:17]} Kg6
{[%clk 0:33:24]} 39. Kg3 {[%clk 0:24:42]} b5 {[%clk 0:27:32]} 40. c5
{[%clk 0:25:06]} Rxa6 41. Rb4 {[%clk 0:25:27]} Ra5 {[%clk 0:25:00]} 42. c6
{[%clk 0:25:50]} Ra6 {[%clk 0:24:54]} 43. Rxb5 {[%clk 0:26:00]} Raxc6
{[%clk 0:25:21]} 44. Rxc6 {[%clk 0:26:24]} Rxc6 {[%clk 0:25:43]} 45. Ra5 a6
{[%clk 0:26:08]} 46. Ra3 {[%clk 0:27:06]} Kf7 {[%clk 0:26:01]} 47. Kf3
{[%clk 0:25:29]} Ke6 {[%clk 0:26:16]} 48. Ke3 {[%clk 0:25:48]} Kd7
{[%clk 0:26:30]} 49. Kd4 {[%clk 0:25:53]} Kc7 {[%clk 0:23:35]} 50. Kd5
{[%clk 0:25:47]} Rd6+ {[%clk 0:22:52]} 51. Kc5 {[%clk 0:24:01]} Re6
{[%clk 0:22:47]} 52. Kd4 {[%clk 0:21:28]} Kb6 {[%clk 0:19:27]} 53. Kd5
{[%clk 0:21:57]} Re5+ {[%clk 0:19:43]} 54. Kd4 {[%clk 0:22:22]} a5
{[%clk 0:19:40]} 55. Rf3 {[%clk 0:22:34]} Re6 {[%clk 0:19:47]} 56. Kd5
{[%clk 0:22:59]} Rc6 {[%clk 0:18:33]} 57. Rb3+ {[%clk 0:23:02]} Kc7
{[%clk 0:19:00]} 58. Ra3 {[%clk 0:23:25]} Ra6 {[%clk 0:18:27]} 59. Kc5
{[%clk 0:16:45]} Re6 {[%clk 0:18:50]} 60. Kb5 {[%clk 0:12:52]} Re5+
{[%clk 0:16:33]} 61. Ka4 {[%clk 0:12:33]} Kb6 62. Rb3+ Ka6 63. Re3 Rc5
{[%clk 0:14:58]} 64. Rf3 {[%clk 0:12:36]} Rc4+ {[%clk 0:13:51]} 65. Kb3
{[%clk 0:12:42]} Rc6 {[%clk 0:13:53]} 66. Rf5 {[%clk 0:11:23]} Re6
{[%clk 0:13:38]} 67. Ka3 {[%clk 0:11:53]} Kb6 {[%clk 0:13:31]} 68. Kb3
{[%clk 0:12:15]} Kc6 {[%clk 0:08:59]} 69. Rxa5 Rxe4 {[%clk 0:08:34]} 70. Ra6+
{[%clk 0:12:16]} Kd5 {[%clk 0:09:01]} 71. Rxf6 {[%clk 0:12:35]} Re3+
{[%clk 0:09:24]} 72. Kc2 {[%clk 0:13:01]} Rxh3 73. Kd2 {[%clk 0:12:56]} Ke4
{[%clk 0:10:10]} 74. Ke2 {[%clk 0:13:05]} Rh2+ {[%clk 0:06:55]} 75. Kf1
{[%clk 0:13:27]} Ke5 {[%clk 0:06:46]} 76. Rf5+ {[%clk 0:13:09]} Ke6
{[%clk 0:06:36]} 77. Ra5 {[%clk 0:12:58]} Rh4 {[%clk 0:03:57]} 78. Kf2
{[%clk 0:13:20]} Rxg4 79. Ra6+ {[%clk 0:13:45]} Kf5 {[%clk 0:03:58]} 80. Rxh6
{[%clk 0:14:11]} Ra4 {[%clk 0:04:17]} 81. Rh8 {[%clk 0:12:54]} Kg4
{[%clk 0:04:19]} 82. Rg8 {[%clk 0:12:46]} Ra2+ {[%clk 0:04:48]} 83. Kg1
{[%clk 0:13:02]} Kh4 {[%clk 0:05:10]} 84. Kf1 {[%clk 0:09:31]} g4
{[%clk 0:05:22]} 85. Rh8+ {[%clk 0:09:35]} Kg3 {[%clk 0:05:47]} 86. Rg8
{[%clk 0:09:37]} Ra1+ {[%clk 0:06:08]} 87. Ke2 {[%clk 0:09:57]} Kh3
{[%clk 0:05:59]} 88. Kf2 {[%clk 0:09:44]} Ra2+ {[%clk 0:04:51]} 89. Kg1
{[%clk 0:07:50]} Kg3 {[%clk 0:04:57]} 90. Kf1 {[%clk 0:07:36]} Rf2+
{[%clk 0:05:11]} 91. Kg1 {[%clk 0:07:48]} Rg2+ {[%clk 0:05:29]} 92. Kf1
{[%clk 0:08:01]} Rh2 {[%clk 0:05:32]} 93. Kg1 {[%clk 0:08:04]} Rh4
{[%clk 0:05:51]} 94. Rg7 {[%clk 0:06:51]} Rh5 {[%clk 0:05:35]} 95. Rg8
{[%clk 0:05:41]} Kh3 {[%clk 0:05:33]} 96. Kf2 {[%clk 0:04:36]} Rf5+
{[%clk 0:02:27]} 97. Kg1 {[%clk 0:05:02]} Ra5 {[%clk 0:02:54]} 98. Kf2
{[%clk 0:03:36]} Ra2+ {[%clk 0:02:41]} 99. Kg1 {[%clk 0:02:24]} Kg3
{[%clk 0:02:32]} 100. Kf1 Ra1+ 101. Ke2 {[%clk 0:02:59]} Rg1 {[%clk 0:01:42]}
102. Rg7 {[%clk 0:02:16]} Kh2 {[%clk 0:01:30]} 103. Rh7+ {[%clk 0:01:51]} Kg2
{[%clk 0:01:49]} 104. Rg7 {[%clk 0:02:18]} g3 {[%clk 0:02:06]} 105. Rg8
{[%clk 0:02:35]} Ra1 {[%clk 0:02:32]} 106. Rg7 {[%clk 0:01:56]} Ra2+
{[%clk 0:02:54]} 107. Ke1 {[%clk 0:02:21]} Kh2 {[%clk 0:02:55]} 108. Rh7+
{[%clk 0:02:45]} Kg1 {[%clk 0:03:16]} 109. Rg7 {[%clk 0:03:06]} g2
{[%clk 0:03:28]} 110. Rh7 {[%clk 0:03:00]} Ra4 {[%clk 0:03:36]} 111. Ke2
{[%clk 0:01:18]} Re4+ {[%clk 0:03:43]} 112. Kd3 {[%clk 0:01:21]} Re5
{[%clk 0:03:25]} 113. Kd2 {[%clk 0:01:19]} Re6 {[%clk 0:02:40]} 114. Rh8
{[%clk 0:01:05]} Re4 {[%clk 0:02:51]} 115. Kd3 {[%clk 0:01:25]} Kf1
{[%clk 0:02:41]} 116. Rf8+ {[%clk 0:01:50]} Ke1 {[%clk 0:02:59]} 117. Rg8
{[%clk 0:01:06]} Re2 {[%clk 0:03:06]} 118. Rg7 {[%clk 0:01:13]} Kf1
{[%clk 0:02:20]} 119. Ra7 {[%clk 0:01:22]} Rb2 {[%clk 0:02:23]} 120. Kc3
{[%clk 0:00:44]} Rf2 {[%clk 0:02:20]} 0-1